000 00382nam a2200133Ia 4500
008 230125s9999 xx 000 0 und d
041 _aeng
082 _a658.848
_bSEN
100 _aSengupta A K
_9115789
245 _aInternational Marketing
260 _c2010
_bSymbiosis centre for distance learning
_aPune
300 _a316p
700 _aSengupta A K & Nandini Madan, Donor
_9106296
999 _c93594
_d93594